<?xml version="1.0" encoding="UTF-8"?>
<record
    xmlns:xsi="http://www.w3.org/2001/XMLSchema-instance"
    xsi:schemaLocation="http://www.loc.gov/MARC21/slim http://www.loc.gov/standards/marcxml/schema/MARC21slim.xsd"
    xmlns="http://www.loc.gov/MARC21/slim">

  <leader>00906cam7a220028900 4500</leader>
  <controlfield tag="001">qce01945378</controlfield>
  <controlfield tag="005">20190823103132.0</controlfield>
  <controlfield tag="008">811228c19601959enk           000 0 eng u</controlfield>
  <datafield tag="035" ind1=" " ind2=" ">
    <subfield code="a">(Sirsi) r56802</subfield>
  </datafield>
  <datafield tag="035" ind1=" " ind2=" ">
    <subfield code="a">(QCAT)lss03272679</subfield>
  </datafield>
  <datafield tag="035" ind1=" " ind2=" ">
    <subfield code="a">(UPRA)qce01945378</subfield>
  </datafield>
  <datafield tag="040" ind1=" " ind2=" ">
    <subfield code="d">UPRA</subfield>
  </datafield>
  <datafield tag="100" ind1="1" ind2=" ">
    <subfield code="a">Barton, Russell.</subfield>
    <subfield code="6">A15655.1</subfield>
  </datafield>
  <datafield tag="245" ind1="1" ind2="0">
    <subfield code="a">Institutional neurosis.</subfield>
  </datafield>
  <datafield tag="260" ind1=" " ind2=" ">
    <subfield code="a">Bristol :</subfield>
    <subfield code="b">Wright,</subfield>
    <subfield code="c">1960, c1959.</subfield>
  </datafield>
  <datafield tag="504" ind1=" " ind2=" ">
    <subfield code="a">Bibliography: p. 55-56.</subfield>
  </datafield>
  <datafield tag="650" ind1=" " ind2="0">
    <subfield code="a">Psychiatric hospitals.</subfield>
    <subfield code="6">S7184.1</subfield>
  </datafield>
  <datafield tag="650" ind1=" " ind2="0">
    <subfield code="a">Mentally ill -- Care.</subfield>
    <subfield code="x">Mentally ill -- Care.</subfield>
    <subfield code="6">S7183.1</subfield>
  </datafield>
  <datafield tag="650" ind1=" " ind2="0">
    <subfield code="a">Social isolation.</subfield>
    <subfield code="6">S11259.1</subfield>
  </datafield>
  <datafield tag="650" ind1=" " ind2="2">
    <subfield code="a">Environment</subfield>
    <subfield code="6">S6993.1</subfield>
  </datafield>
  <datafield tag="650" ind1=" " ind2="2">
    <subfield code="a">Hospitals, Psychiatric</subfield>
    <subfield code="6">S11260.1</subfield>
  </datafield>
  <datafield tag="650" ind1=" " ind2="2">
    <subfield code="a">Neurotic Disorders</subfield>
    <subfield code="6">S11261.1</subfield>
  </datafield>
  <datafield tag="650" ind1=" " ind2="2">
    <subfield code="a">Psychotherapy</subfield>
    <subfield code="6">S11262.1</subfield>
  </datafield>
  <datafield tag="650" ind1=" " ind2="2">
    <subfield code="a">Social Isolation</subfield>
    <subfield code="6">S11259.2</subfield>
  </datafield>
  <datafield tag="949" ind1=" " ind2=" ">
    <subfield code="a">RC439</subfield>
    <subfield code="w">lcc</subfield>
    <subfield code="i">-73965</subfield>
    <subfield code="m">MAIN</subfield>
    <subfield code="t">BOOK</subfield>
    <subfield code="l">ON-SHELF</subfield>
  </datafield>
  <controlfield tag="004">56802</controlfield>
  <datafield tag="999" ind1=" " ind2=" ">
    <subfield code="c">148820</subfield>
    <subfield code="d">148820</subfield>
  </datafield>
</record>
